Statistics for All NCAA Schools in Massachusetts

Click here to take the quiz!

General Stats

  • This quiz has been taken 35 times
  • The average score is 27 of 54

Answer Stats

DivisionConferenceCityNicknameAnswer% Correct
IAtlantic 10AmherstMinutemenUniv. of Massachusetts Amherst
100%
IAtlantic CoastChestnut HillEaglesBoston College
96%
IPatriot LeagueBostonTerriersBoston University
96%
IIvy LeagueCambridgeCrimsonHarvard University
96%
IAmerica EastLowellRiver HawksUniv. of Massachusetts Lowell
92%
IColonialBostonHuskiesNortheastern University
88%
IPatriot LeagueWorcesterCrusadersCollege of the Holy Cross
79%
IIINESCACCambridgeEngineersMassachusetts Institute of Technology
79%
IIINESCACAmherstMammothsAmherst College
71%
IIINESCACMedfordJumbosTufts University
71%
IIILittle EastDartmouthCorsairsUniv. of Massachusetts Dartmouth
71%
IIINESCACEasthamptonEphsWilliams College
71%
IIIMASCACFitchburgFalconsFitchburg State University
67%
IIILittle EastBostonBeaconsUniv. of Massachusetts Boston
67%
IIIMASCACBridgewaterBearsBridgewater State University
63%
INortheastNorth AndoverWarriorsMerrimack College
63%
IIINEWMACWellesleyBlueWellesley College
63%
IIINEWMACWorcesterEngineersWorcester Polytechnic Institute
63%
IINortheast-10SpringfieldYellow JacketsAmerican International College
58%
IINortheast-10WalthamFalconsBentley University
58%
IIINEWMACWorcesterCougarsClark University
58%
IIIMASCACFraminghamRamsFramingham State University
58%
IIIMASCACSalemVikingsSalem State University
58%
IIINEWMACSpringfieldPrideSpringfield College
58%
IINortheast-10EastonSkyhawksStonehill College
58%
IIIMASCACWestfieldOwlsWestfield State University
58%
IIINEWMACBabson ParkBeaversBabson College
54%
IIICommonwealth CoastBeverlyGullsEndicott College
54%
IIINEWMACNorthamptonPioneersSmith College
54%
IINortheast-10WorcesterGreyhoundsAssumption University
50%
IIINEWMACSouth HadleyLyonsMount Holyoke College
50%
IIIUAAWalthamJudgesBrandeis University
46%
IIIMASCACBuzzards BayBuccaneersMassachusetts Maritime Academy
46%
IIINEWMACBostonLionsEmerson College
42%
IIICommonwealth CoastMiltonColonelsCurry College
38%
IIICommonwealth CoastDudleyBisonNichols College
38%
IIICommonwealth CoastSpringfieldGolden BearsWestern New England University
38%
IIIGNACBostonSaintsEmmanuel College
33%
IIICommonwealth CoastBostonRamsSuffolk University
33%
IIICommonwealth CoastBostonLeopardsWentworth Institute of Technology
33%
IIIMASCACWorcesterLancersWorcester State University
33%
IIINECCCambridgeLynxLesley University
29%
IIINEWMACNortonLyonsWheaton College
29%
IIIMASCACNorth AdamsTrailblazersMass. College of Liberal Arts
25%
IIIGNACWestonPrideRegis College
25%
IIIGNACPaxtonAMCatsAnna Maria College
21%
IIICommonwealth CoastWenhamFighting ScotsGordon College
21%
IIIGNACBostonSharksSimmons University
21%
IIINECCChicopeeBlazersCollege of Our Lady of the Elms
17%
IIINECCQuincyLionsEastern Nazarene College
17%
IIIGNACAuburndaleLasersLasell University
17%
IIICoast-to-CoastChestnut HillGatorsPine Manor College
13%
IIINECCWorcesterHawksBecker College
4%
IIINECCBrooklineNighthawksNewbury College
4%

Score Distribution

Percentile by Number Answered

Percent of People with Each Score

Your Score History

You have not taken this quiz